| 000 | 01126nam0a22003491 4500 | ||
|---|---|---|---|
| 001 | RU\NLR\A1SV\85544 | ||
| 005 | 20251203171251.9 | ||
| 035 | _a(NLR Aleph) 009766951 | ||
| 090 |
_a10040912 _c10040912 |
||
| 100 | _a20080220d1925 u y0rusy50 ca | ||
| 101 | 0 | _arus | |
| 102 | _aRU | ||
| 200 | 1 |
_aАлкогольная преступность и борьба с самогонокурением в Иркутской губернии _fПроф. Г.Маннс |
|
| 210 |
_aИркутск _c1-я Гостиполит. _d1925 |
||
| 215 |
_a8 с., 4 л. диагр. _d24 см |
||
| 311 | _aОтт. из: Сб. тр. проф. и преп. Иркут. гос. ун-та. 10. С.252-257 | ||
| 620 | _dИркутск | ||
| 700 | 1 |
_aМаннс _bГ. Ю. _f1884-1938 _gГерберт Юлианович |
|
| 801 | 0 |
_aRU _bNLR _c20080220 |
|
| 852 |
_aNLR _j34/347 |
||
| 852 |
_aNLR _j34/347а |
||
| 899 | _aООНБ | ||
| 899 | _aИОГУНБ | ||
| 899 | _aРГБ | ||
| 899 | _aРКП | ||
| 899 | _aНБ ТГУ | ||
| 899 | _aГПИБ | ||
| 899 | _aСПбГУ | ||
| 942 | _cBOOK | ||
| 980 | _aNB | ||
| 980 | _aA1SV | ||